Statistics for Bands that Changed Singers

Click here to take the quiz!

General Stats

  • This quiz has been taken 103 times
  • The average score is 8 of 15

Answer Stats

Former SingerReplacementBand% Correct
Ozzy OsbourneRonnie James DioBlack Sabbath
98%
Peter GabrielPhil CollinsGenesis
89%
Bon ScottBrian JohnsonAC/DC
84%
David Lee RothSammy HagarVan Halen
83%
Paul Di'AnnoBruce DickinsonIron Maiden
65%
Michael HutchenceJon StevensINXS
59%
Steve PerrySteve AugeriJourney
55%
Ronnie Van ZantJohnny Van ZantLynyrd Skynyrd
55%
Rob HalfordTim "Ripper" OwensJudas Priest
46%
Layne StaleyWilliam DuVallAlice in Chains
45%
Scott WeilandChester BenningtonStone Temple Pilots
45%
Ronnie James DioGraham BonnetRainbow
35%
Chuck MosleyMike PattonFaith No More
30%
Terry GlazePhil AnselmoPantera
28%
Glenn DanzigMichale GravesThe Misfits
16%

Score Distribution

Percentile by Number Answered

Percent of People with Each Score

Your Score History

You have not taken this quiz